00962cam a2200301 i 450000100090000000300050000900500170001400800410003101000170007202000310008902000420012003800100016204000280017204200080020005000250020808200200023310000280025324500520028125000190033326000500035230000190040233600260042133700280044733800270047552001320050256300070063465500190064121968200NUST20221019151556.0210401s2021 nyu 000 1 eng  a 2021014281 a9780374602604q(hardcover) a9780374605438 (international edition) aAzhar aDLCbengerdacDLCdDLC apcc00aPR6118.O59bB43 202100a823.92223bROO1 aRooney, Sally,eauthor.10aBeautiful world, where are you /cSally Rooney. aFirst edition. aNew York :bFarrar, Straus and Giroux,c2021. a356 p ;c22 cm atextbtxt2rdacontent aunmediatedbn2rdamedia avolumebnc2rdacarrier a"A new novel by Sally Rooney, the bestselling author of Normal People and Conversations with Friends"--cProvided by publisher. aHB 7aNovels.2lcgft